[Event "Bundesliga 9596"]
[Site "Germany"]
[Date "1996.??.??"]
[Round "?.7"]
[White "Schlingensiepen, Christian"]
[Black "Schmaltz, Roland"]
[Result "0-1"]
[WhiteElo "2305"]
[BlackElo "2455"]
[PlyCount "76"]
[EventDate "1995.10.14"]
[EventType "team-tourn"]
[EventRounds "15"]
[EventCountry "GER"]
[SourceTitle "GER-chT"]
[Source "ChessBase"]
[SourceDate "1999.07.01"]
[SourceVersion "1"]
[SourceVersionDate "1999.07.01"]
[SourceQuality "1"]
[WhiteTeam "Passau"]
[BlackTeam "Zaehringen"]
[WhiteTeamCountry "GER"]
[BlackTeamCountry "GER"]

1. e4 d6 2. d4 Nf6 3. Nc3 g6 4. Nf3 Bg7 5. Be2 0-0 6. 0-0 c6 7. a4 Nbd7 8. h3 Qc7 9. Be3 b6 10. Nd2 a6 11. f4 Bb7 12. e5 Nd5 13. Nxd5 cxd5 14. Nf3 e6 15. Bd3 f6 16. exd6 Qxd6 17. Qe2 f5 18. a5 b5 19. Bd2 Nf6 20. Qe1 Rfe8 21. Ne5 Ne4 22. Bb4 Qc7 23. Ra3 Bf6 24. g4 Kh8 25. Bxe4 Bxe5 26. fxe5 dxe4 27. Rc3 Qd7 28. Bd6 Rac8 29. Rxc8 Rxc8 30. c3 g5 31. gxf5 exf5 32. Qd2 f4 33. d5 Qxh3 34. e6 Qg4+ 35. Kh1 e3 36. Qd4+ Kg8 37. Bxf4 e2 38. Rg1 Qh3+ 0-1